Southville International School and Colleges
Your cart is empty.
  • Cart
  • Lists
    Public lists Eva Luna New books Lux_list list_1
    Your lists Log in to create your own lists
  • Log in to your account
  • Your cookies
  • Search history
Southville International School and Colleges
  • Advanced search
  • Recent comments
  • Most popular
  • Libraries

Log in to your account

Log in with GOOGLE


If you do not have an external account, but do have a local account, you can still log in:

  1. Home
  2. MARC view: Operations management :
Normal view MARC view ISBD view

Operations management : (Record no. 25257)

[ view plain ]
MARC details
000 -LEADER
fixed length control field 00588nam a2200205 a 4500
005 - DATE AND TIME OF LATEST TRANSACTION
control field 20140310183611.0
008 - FIXED-LENGTH DATA ELEMENTS--GENERAL INFORMATION
fixed length control field 120830s19uu xx 00 eng d
020 ## - INTERNATIONAL STANDARD BOOK NUMBER
International Standard Book Number 9789812533289
050 ## - LIBRARY OF CONGRESS CALL NUMBER
Classification number TS 155
Item number .R353 2010
100 ## - MAIN ENTRY--PERSONAL NAME
Personal name Reid, R. Dan
245 ## - TITLE STATEMENT
Title Operations management :
Remainder of title an integrated approach /
Statement of responsibility, etc R. Dan Reid, Nada R. Sanders.
250 ## - EDITION STATEMENT
Edition statement 4th ed.
260 ## - PUBLICATION, DISTRIBUTION, ETC. (IMPRINT)
Place of publication, distribution, etc Hoboken, NJ :
Name of publisher, distributor, etc John Wiley,
Date of publication, distribution, etc 2010.
300 ## - PHYSICAL DESCRIPTION
Extent 631 p. :
Other physical details ill. ;
Dimensions 25 cm.
521 ## - TARGET AUDIENCE NOTE
Target audience note
650 ## - SUBJECT ADDED ENTRY--TOPICAL TERM
Topical term or geographic name as entry element Production management
700 ## - ADDED ENTRY--PERSONAL NAME
Personal name Sanders, Nada R.
942 ## - ADDED ENTRY ELEMENTS (KOHA)
Koha item type Books
Source of classification or shelving scheme Library of Congress Classification
Call number prefix Foreign
Holdings
Withdrawn status Lost status Source of classification or shelving scheme Damaged status Home library Current library Shelving location Date acquired Total Checkouts Full call number Barcode Date last seen Date checked out Copy number Price effective from Koha item type
    Library of Congress Classification   College Library College Library General Circulation Section 08/30/2012 2 TS 155 .R353 2010 C15256 05/15/2018 01/17/2018 1 10/18/2013 Books

Operations management :

APA

Reid R. D., Sanders N. R., . (2010). Operations management. Hoboken, NJ: John Wiley.

Chicago

Reid R Dan, Sanders Nada R, . 2010. Operations management. Hoboken, NJ: John Wiley.

Harvard

Reid R. D., Sanders N. R., . (2010). Operations management. Hoboken, NJ: John Wiley.

MLA

Reid R Dan, Sanders Nada R, . Operations management. Hoboken, NJ: John Wiley. 2010.

  • Place hold
  • Print
  • Cite
  • Add to your cart (remove)
  • Save record
    BIBTEX Dublin Core MARCXML MARC (non-Unicode/MARC-8) MARC (Unicode/UTF-8) MARC (Unicode/UTF-8, Standard) MODS (XML) RIS
  • More searches
    Search for this title in:
    Other Libraries (WorldCat) Other Databases (Google Scholar) Online Stores (Bookfinder.com) Open Library (openlibrary.org)

Exporting to Dublin Core...

SOUTHVILLE LIBRARY

Southville International School and Colleges Library

1281 Tropical Ave. Cor. Luxembourg St., BF Homes International, Las Pinas City

Tel. No. 8256374 / 252358 Loc. 117/146

Powered by Koha